Hoy es fiesta

محفوظ في:
التفاصيل البيبلوغرافية
المؤلف الرئيسي: Buero Vallejo, Antonio
التنسيق: كتاب
اللغة:Undetermined
منشور في: Madrid, España Escelicer 1968
الطبعة:4
الموضوعات:
الوسوم: إضافة وسم
لا توجد وسوم, كن أول من يضع وسما على هذه التسجيلة!

MARC

LEADER 00000nam a2200000Ia 4500
008 170316s9999 xx 000 0 und d
040 |a cru BVZT 
090 |a 862 B-23h 
100 |a Buero Vallejo, Antonio 
245 |a Hoy es fiesta 
250 |a 4 
260 |a Madrid, España 
260 |b Escelicer 
260 |c 1968 
300 |a 91 páginas 
650 |a LITERATURA ESPAÑOLA 
650 |a TEATRO 
999 |c 9538  |d 9538 
942 |c 15 D  |h 862 B-23h  |2 z